| 000 | 00513nam a22001817a 4500 | ||
|---|---|---|---|
| 003 | 0 | ||
| 005 | 20251015150057.0 | ||
| 008 | 251015b xxu||||| |||| 00| 0 eng d | ||
| 020 | _a978-1-64728-596-8 | ||
| 050 |
_aQA 184.2 _b.M36 2024 |
||
| 100 |
_aMandelbaum, Lilian, _eauthor. |
||
| 245 |
_aLinear algebra / _cauthor. |
||
| 300 |
_a243 pages : _billustrations ; _c26 cm. |
||
| 504 | _aIncludes bibliographical references and index. | ||
| 650 | _aAlgebras, Linear. | ||
| 650 | _aMathematics. | ||
| 942 |
_2lcc _cBK |
||
| 999 |
_c368249 _d368249 |
||